00213nam a22000977a 4500082001900000100001900019245002100038260003300059300000900092650001400101 a574.873282 WAT aWatson,James D aThe Double Helix aEnglandbPenguin Booksc1982 a174p aChemistry